| 000 | 01575nam a22004097a 4500 | ||
|---|---|---|---|
| 003 | CHAP | ||
| 005 | 20220817044528.0 | ||
| 008 | 120619s2011 mx r 00010 spa d | ||
| 010 | _a103385 | ||
| 011 | _a104357 | ||
| 035 | _a115047 | ||
| 040 | _cCHAP | ||
| 090 | _aTesis | ||
| 100 | 1 |
_aCariño Ibarra, Claudia. _918976 |
|
| 245 | 1 | 0 |
_aIdentificación del ácaro blanco de la Zarzamora (Rubus spp.) en los Reyes, Michoacan _h[En línea] _c/por Claudia Cariño Ibarra |
| 260 |
_aChapingo, Méx. : _bEl autor, _c2011 |
||
| 500 | _aPara ver el contenido del material haga clic en la liga | ||
| 502 | _aTesis (Ing. Agr. Esp. en Parasitología Agrícola) -- UACH. Departamento de Parasitología Agrícola | ||
| 590 |
_aALEPH _b10 _c20130110 _lUCH01 _h1545 |
||
| 590 |
_aBATCH-UPD _b10 _c20130110 _lUCH01 _h0936 |
||
| 590 |
_aBATCH-UPD _b10 _c20130410 _lUCH01 _h0554 |
||
| 590 |
_aBATCH-UPD _b10 _c20130914 _lUCH01 _h0853 |
||
| 590 |
_aBATCH-UPD _b10 _c20140324 _lUCH01 _h1530 |
||
| 590 |
_aBATCH-UPD _b10 _c20141002 _lUCH01 _h0853 |
||
| 590 |
_aBATCH _b00 _c20181121 _lUCH01 _h0759 |
||
| 590 |
_aCONVERSION _b10 _c20130109 _lUCH01 _h1357 |
||
| 650 | 0 | 4 | _aÁcaros. |
| 650 | 0 | 4 |
_aRubus. _9100512 |
| 650 | 0 | 4 |
_aZarzamora _xMichoacán. _9123740 |
| 650 | 0 | 4 |
_aZarzamora _xPlagas. _9123743 |
| 856 |
_3Finding aid _uhttp://10.13.5.2/tesis/115047.pdf _zTeclea aqui |
||
| 856 |
_a1 _n0001286 |
||
| 901 | _aBK | ||
| 942 | _cFOLL | ||
| 949 |
_aTesis _bBC _cTES _d33724002327264 _eTS1 _gDonaciØn _h53585 _i115047 _st |
||
| 949 |
_aYesis _bBC _cTES _d33724002327223 _eTS2 _fc.2 _gDonaciØn _h53586 _i115047 _st |
||
| 999 |
_c103385 _d103385 |
||